00271nam a2200097Ia 4500008004100000082001500041100002600056245003600082260003800118300001700156230907s9999||||xx |||||||||||||| ||und|| a5.369bPAR aParsons, June Jamrich 0aMicrosoft office 2013 try it! / aCengage Learning,bBoston :c2015 avi, 238 p. :